Statistics for MLB Nicknames Quiz

Click here to take the quiz!

General Stats

  • This quiz has been taken 64 times
  • The average score is 10 of 15

Answer Stats

HintAnswer% Correct
The Great BambinoBabe Ruth
100%
Big PapiDavid Ortiz
96%
Mr. OctoberReggie Jackson
86%
Hammerin' HankHank Aaron
82%
The Big UnitRandy Johnson
80%
The Big HurtFrank Thomas
70%
Mr. NovemberDerek Jeter
66%
The Say Hey KidWillie Mays
64%
ThorNoah Syndergaard
61%
Mr. CubErnie Banks
59%
Corey's BrotherKyle Seager
54%
Kung Fu PandaPablo Sandoval
52%
Joey BatsJose Bautista
45%
Crime DogFred McGriff
41%
Human Rain DelayMike Hargrove
16%

Score Distribution

Percentile by Number Answered

Percent of People with Each Score

Your Score History

You have not taken this quiz